000 01114cam a22002651i 4500
003 SA-RiAUC
005 20250712145751.0
008 250711s1995 su g 000r0 ara c
040 _aSA-RiAUC
_bara
_cSA-RiAUC
_erda
082 0 4 _a252.5
090 _a252.5
_bج ب ر
100 1 _aالجبرين، عبد الله بن عبد الرحمن بن عبد الله،
_d1352-1430 هجري
_eمؤلف.
245 1 2 _aالسراج الوهاج للمعتمر والحاج /
_cعبد الله بن عبد الرحمن الجبرين ؛ إعداد أبي أنس علي بن حسين أبي لوز.
250 _aالطبعة الأولى.
264 1 _aالرياض :
_bدار الوطن،
_c[1995].
300 _a144 صفحة ؛
_c24 سم
336 _aنص
_btxt
_2rdacontent
_3كتاب
337 _aبدون وسيط
_bn
_2rdamedia
338 _aمجلد
_bnc
_2rdacarrier
650 7 _aالحج (فقه إسلامي)
_2aucsh
650 7 _aالعمرة (فقه إسلامي)
_2aucsh
700 1 _aأبو لوز، علي بن حسين
_eمعد.
942 _2ddc
_cBOOK
_n0
949 _aSA-JeALM
_d250711
_umohamedma123
_n1
999 _c9807
_d9807